000 00495nam a22001697a 4500
003 SGT
020 _a9780128164675
082 _a615.18
_bN19B
100 _aBAGCHI, DEBASIS
245 _aNUTRACEUTICAL AND FUNCTIONAL FOOD REGULATIONS IN THE UNITED STATE AND AROUND THE WORLD
250 _a3RD
260 _aU.K
_bACADMIC PRESS
_c2019
300 _a678
650 _aPHARMACY NUTRACEUTICALS
653 _aNUTRACEUTICAL, FUNCTIONA,L FOOD, REGULATIONS, UNITED STATE , WORLD
942 _2ddc
_cBK
999 _c26992
_d26992